[Event "FRA-chT U16"]
[Site "Dieppe"]
[Date "2015.05.24"]
[Round "2.7"]
[White "Lamblin, Alexandre"]
[Black "Piassale, Nils"]
[Result "1/2-1/2"]
[WhiteElo "1366"]
[BlackElo "1610"]
[PlyCount "130"]
[EventDate "2015.05.??"]
[EventType "team-tourn"]
[EventRounds "6"]
[EventCountry "FRA"]
[SourceTitle "EXT 2016"]
[Source "ChessBase"]
[SourceDate "2015.10.08"]
[SourceVersion "1"]
[SourceVersionDate "2015.10.08"]
[SourceQuality "1"]

1. d4 d5 2. c4 e6 3. Nc3 Nf6 4. Bg5 Nbd7 5. c5 c6 6. e3 Be7 7. Nf3 0-0 8. Bd3 b6 9. Qa4 b5 10. Qc2 a5 11. a4 b4 12. Ne2 Ba6 13. b3 Bxd3 14. Qxd3 Ne4 15. Bxe7 Qxe7 16. Nd2 Ndf6 17. f3 Nxd2 18. Kxd2 Ne8 19. Rae1 f5 20. Rhf1 Nf6 21. Ng3 h5 22. Nh1 e5 23. Ng3 g6 24. f4 e4 25. Qe2 Qa7 26. Nh1 Qa6 27. Qxa6 Rxa6 28. Nf2 Ra7 29. Nh3 Rg7 30. Ng5 Re8 31. h3 h4 32. Rc1 Ree7 33. Ke2 Nh5 34. Kf2 Nf6 35. Rc2 Nh5 36. Rcc1 Nf6 37. Rg1 Nh5 38. Rcd1 Ng3 39. Rc1 Nh5 40. Rc2 Ng3 41. Rd2 Nh5 42. Ra2 Ng3 43. Rb2 Nh5 44. g4 hxg3+ 45. Rxg3 Nxg3 46. Kxg3 Kf8 47. Rh2 Ke8 48. Kg2 Kd7 49. Kg3 Re8 50. Rh1 Ke7 51. Rh2 Kf6 52. h4 Rh8 53. Rh1 Rh5 54. Rh2 Rg8 55. Rh3 Rgh8 56. Rh2 Ke7 57. Rh3 Rb8 58. Rh2 Rhh8 59. Kg2 Rh5 60. Kg3 Rbh8 61. Rh3 Kf6 62. Rh2 Ke7 63. Rh1 Rxg5+ 64. fxg5 Rh5 65. Kf4 Ke6 1/2-1/2